[Event "Azerbaijan Championship 2022"]
[Site "Nakhchivan"]
[Date "2022.02.05"]
[Round "1.1"]
[White "Sevdimaliyev, Urfan"]
[Black "Durarbayli, Vasif"]
[Result "0-1"]
[WhiteElo "2359"]
[BlackElo "2615"]
[Annotator "TA"]
[PlyCount "94"]
[EventDate "2022.02.05"]
[EventCountry "AZE"]
[SourceTitle "playchess.com"]
[Source "ChessBase"]
[SourceQuality "1"]

{[%evp 12,94,10,12,12,8,17,14,8,3,13,10,25,0,-1,0,0,-5,9,-31,-29,-22,-26,-49,-45,-36,0,-91,-89,-93,-91,-91,-100,-104,-104,-126,-123,-122,-116,-160,-162,-148,-131,-177,-170,-311,-200,-219,-219,-219,-212,-224,-216,-207,-225,-234,-228,-211,-203,-251,-242,-268,-219,-292,-287,-352,-270,-573,-543,-740,-716,-2212,-1866,-1615,-1639,-12825,-12827,-12824,-12826,-12413,-12112,-10058,-5281,-811,-637]} 1. e4 c5 2. Nc3 a6 3. g3 Nc6 4. Bg2 g6 5. d3 Bg7 6. Be3 d6 7. Qd2 Rb8 {B26: Closed Sicilian: 3 g3, lines with early Be3.} 8. Nge2 b5 9. O-O Nd4 {The position is equal.} 10. Nd1 Nxe2+ 11. Qxe2 Nf6 {[#]} 12. e5 $146 ({Predecessor:} 12. c3 O-O 13. f4 b4 14. h3 bxc3 15. bxc3 Bb7 16. Bf2 Nd7 17. d4 Qa5 18. Rc1 {0-1 (36) Kosov,I (2386)-Arzumanian,G (2448) Tula 2006}) 12... dxe5 13. Bxc5 Qc7 {Prevents Ba7.} 14. b4 O-O 15. d4 Nd7 16. Nc3 {Nd5 is the strong threat.} Bb7 17. Nd5 Bxd5 18. Bxd5 Rfe8 19. c3 (19. Rad1 $11 {keeps the balance.}) 19... exd4 $1 $17 20. Bxd4 Bxd4 21. cxd4 Qd6 {[%csl LRb4,LRd5]} 22. Qf3 Nf6 23. Bc6 {[#]} Rec8 24. d5 Qxb4 25. a4 {[#]} (25. Rac1 $142) 25... Qd6 $1 26. axb5 axb5 27. Rfe1 (27. Ra6 $17 {might work better.} b4 28. Rb1) 27... b4 $19 28. Ra7 (28. Re2 $142) 28... Rc7 29. Rxc7 Qxc7 30. Re3 Qd6 31. Rd3 Kg7 32. Kg2 h5 33. h3 Rc8 34. Rb3 Rd8 35. Kg1 Rb8 ({Weaker is} 35... Nxd5 36. Bxd5 Qxd5 37. Qxd5 Rxd5 38. Rxb4 $17) 36. Rd3 Rc8 37. Kg2 e6 38. Bb7 Rd8 {[%cal Re6d5]} 39. Qe3 $2 (39. Rb3) 39... exd5 {Black is clearly winning.} 40. Qd4 Rb8 41. Bxd5 Qxd5+ 42. Qxd5 Nxd5 43. Rxd5 {KR-KR} b3 {[%cal Bb4b3,Bb3b2][%mdl 32]} 44. Rd1 b2 45. Rb1 Kf6 46. Kf3 Ke5 {Threatens to win with ...Kd4.} 47. Ke3 Rb3+ {Weighted Error Value: White=0.56/Black=0.08 (flawless)} 0-1

[Event "Azerbaijan Championship 2022"]
[Site "Nakhchivan"]
[Date "2022.02.05"]
[Round "1.2"]
[White "Mamedov, Nidjat"]
[Black "Bayramov, Zaur"]
[Result "1-0"]
[WhiteElo "2604"]
[BlackElo "2357"]
[Annotator "TA"]
[PlyCount "61"]
[EventDate "2022.02.05"]
[EventCountry "AZE"]
[SourceTitle "playchess.com"]
[Source "ChessBase"]
[SourceQuality "1"]

{[%evp 10,61,15,14,25,31,43,31,66,63,186,184,173,181,181,181,175,171,199,200,186,179,185,154,162,129,138,99,105,98,102,68,58,87,177,146,140,120,190,163,357,270,343,339,397,407,675,660,916,874,818,799,770,627]} 1. e4 c6 2. d4 d5 3. e5 Bf5 4. Nd2 e6 5. Nb3 Nd7 6. Nf3 Ne7 {B12: Caro-Kann: Advance Variation.} 7. Be2 Ng6 8. O-O Be7 {White is slightly better.} 9. Ne1 {[#] Hoping for g4.} Nh4 $146 {[#]} (9... Ngf8 $14) ({Predecessor:} 9... Ngf8 10. g4 Bg6 11. Ng2 h5 12. gxh5 Bf5 13. Bf4 f6 14. Bg3 fxe5 15. dxe5 Qb6 {1-0 (31) Sulskis,S (2529)-Malisauskas,V (2451) Lithuania 2019}) 10. g3 $1 $18 Bh3 (10... Ng6 $2 11. g4 $18) 11. gxh4 {aiming for Ng2.} Bxf1 12. Bxf1 Bxh4 13. Qg4 g6 14. Nf3 Be7 15. h4 h6 16. Bf4 Qc7 17. Bg3 O-O-O 18. c4 dxc4 19. Nbd2 Nb6 20. Ne4 {[%mdl 1024] White has strong compensation.} Kb8 21. Rc1 c5 (21... a6 $16) 22. dxc5 Bxc5 23. Bg2 ({Resist} 23. Bxc4 g5 $16) 23... h5 (23... a6 $16) 24. Qg5 Nc8 $2 {[#]} (24... Rd3 25. Ne1 Rd7) 25. Nfd2 Be7 26. Qf4 Rd4 27. Qxf7 b5 (27... g5 $142 28. Qxe6 gxh4) 28. Qxe6 {White is clearly winning.} Rhd8 29. Qxg6 Rxd2 30. Nxd2 Rxd2 31. a4 {Weighted Error Value: White=0.11 (very precise) /Black=0.45} 1-0

[Event "Azerbaijan Championship 2022"]
[Site "Nakhchivan"]
[Date "2022.02.05"]
[Round "1.3"]
[White "Eynullayev, Atilla"]
[Black "Safarli, Eltaj"]
[Result "1/2-1/2"]
[WhiteElo "2324"]
[BlackElo "2597"]
[Annotator "TA"]
[PlyCount "105"]
[EventDate "2022.02.05"]
[EventCountry "AZE"]
[SourceTitle "playchess.com"]
[Source "ChessBase"]
[SourceQuality "1"]

{[%evp 10,105,23,9,33,19,21,10,20,6,72,14,16,11,7,12,4,8,16,22,18,21,19,0,7,0,11,-26,-25,-25,0,-44,-47,-50,-79,-52,-31,-37,0,-27,-24,-28,-37,-33,-40,-33,-27,-31,-35,-28,-6,-20,-20,-47,-71,-58,-26,-75,-76,-76,-75,-74,-74,-242,-223,-237,-243,-234,-227,-245,-229,-183,-53,-48,0,0,0,0,0,0,0,0,0,0,0,0,0,0,0,0,0,0,0,0,0,0,0,0]} 1. e4 c5 2. Nf3 Nc6 3. Bb5 e6 4. O-O Nge7 5. Re1 a6 6. Bf1 b6 {B30: Sicilian: 2...Nc6 3 Bb5, lines without ...g6.} 7. c3 d5 8. d3 h6 9. Nbd2 {[#]} g6 $146 (9... Bb7 $11) ({Predecessor:} 9... Bb7 10. a3 g5 11. exd5 Nxd5 12. Ne4 Be7 13. b4 g4 14. Nfd2 f5 15. Ng3 Qd7 {½-½ (46) Delgado Ramirez,N (2600)-Rocha,W (2360) Maringa 2014}) 10. a4 ({White should try} 10. d4 $16) 10... Bg7 $11 11. exd5 exd5 12. Nb3 {[%cal Oa4a5]} O-O 13. a5 Nf5 14. h3 Nxa5 15. Nxa5 bxa5 16. Qa4 d4 17. Ne5 Bb7 18. c4 Re8 19. Bf4 Ne3 20. fxe3 (20. Ng4 $11) 20... Bxe5 $15 21. Bxe5 Rxe5 22. e4 Qe7 23. Qxa5 Re8 24. Qd2 Kg7 25. Reb1 f5 26. exf5 Rxf5 27. Re1 $1 Re5 28. Rxe5 Qxe5 29. Qf2 g5 30. Rd1 Qe3 31. Qxe3 dxe3 $11 {[%mdl 4096] Endgame KRB-KRB} 32. Re1 h5 33. g4 (33. Be2 $11) 33... hxg4 34. hxg4 Bf3 35. Be2 Bc6 36. Bf1 $2 (36. Rf1 $17 {was forced.}) 36... Bd7 $19 37. Bh3 a5 {[%cal Ba6a5,Ba5a4][%mdl 32]} 38. Kg2 a4 39. Kf3 {[#]} Bc6+ $1 40. Kg3 {[#]} Kf6 ({Black should play} 40... Rb8 $1 $19 {[%cal Rb8b2]} 41. Rxe3 Kf6) 41. Bg2 $15 Bxg2 (41... Bd7 $1 $15 42. Re2 Rb8) 42. Kxg2 {KR-KR. The position is equal.} Rb8 43. Kf3 Rxb2 {[%cal Oe3e2] Strongly threatening ...e2!} 44. Kxe3 a3 45. Ra1 a2 {Threatens to win with ...Ke5.} 46. d4 cxd4+ 47. Kxd4 Rg2 48. Kc3 $1 Ke5 49. Kb3 Kd4 {aiming for ...Kc5.} 50. Rd1+ $1 Kc5 {And now ...Rg3+ would win.} 51. Rd5+ $1 Kb6 52. Rd6+ $1 Kb7 53. Rd7+ $1 {Black had all chances to win.  Weighted Error Value: White=0.12 (very precise) /Black=0.15 (very precise)} 1/2-1/2

[Event "Azerbaijan Championship 2022"]
[Site "Nakhchivan"]
[Date "2022.02.05"]
[Round "1.4"]
[White "Iskandarov, Misratdin"]
[Black "Mustafayev, Farid"]
[Result "1-0"]
[WhiteElo "2566"]
[BlackElo "2322"]
[Annotator "TA"]
[PlyCount "97"]
[EventDate "2022.02.05"]
[EventCountry "AZE"]
[SourceTitle "playchess.com"]
[Source "ChessBase"]
[SourceQuality "1"]

{[%evp 10,97,21,25,30,8,31,4,45,20,27,29,37,36,41,28,37,39,47,31,37,31,45,50,52,30,20,8,14,-4,24,18,18,24,40,37,30,11,43,20,13,14,42,29,27,34,41,40,45,36,74,70,90,85,85,91,95,69,73,75,68,60,208,167,170,170,578,572,510,478,285,244,401,399,390,387,349,372,347,317,703,704,847,844,833,815,768,736,865,859]} 1. e4 c6 2. Nc3 d5 3. Nf3 dxe4 4. Nxe4 Nf6 5. Qe2 Nxe4 6. Qxe4 Qa5 {B11: Caro-Kann: Two Knights Variation.} 7. Qf4 Qf5 8. Qe3 Qe6 (8... Qxc2 $11 9. Bd3 Qa4) 9. b3 Qxe3+ 10. fxe3 Bf5 11. Bb2 Nd7 12. O-O-O e6 13. Be2 Rg8 14. Nh4 {[#]} Be4 $146 ({Predecessor:} 14... Bg6 15. Rdf1 Be7 16. Nxg6 hxg6 17. h4 Bf6 18. d4 Rh8 19. h5 gxh5 20. Bxh5 g6 {½-½ (39) Heimann,A (2372)-Svane,R (2541) Playchess.com INT 2021}) 15. d3 Be7 16. Nf3 $1 Bg6 17. h4 Bh5 18. Rdg1 {g4 is the strong threat.} Bg4 19. Bf1 Bf6 (19... h5 {with more complications.} 20. Kb1 Bd6 21. Ng5 Bb4 22. Nf3 O-O-O) 20. d4 Bxf3 21. gxf3 h5 22. f4 O-O-O 23. Ba3 Nb6 24. Bd3 g6 25. c3 Bg7 (25... Nd5 $5 {[%cal Rd5e3]}) 26. Kd2 Nd5 27. Rf1 Bf8 28. Bxf8 Rgxf8 29. Rhg1 Ne7 30. e4 f5 31. exf5 exf5 32. Re1 Kd7 33. c4 {White is more active.} Rf6 34. Kc3 Ke8 35. c5 {Prevents Rfd6.} b5 {[#] Prevents Bc4. Loses the game.} (35... Kd7 $14) 36. Bf1 $1 $18 Kf7 {Hoping for ...Nd5+.} 37. Bg2 Re6 $2 (37... Rc8 {is a better chance.} 38. a4 a6) 38. Rxe6 Kxe6 {[%mdl 4096] Endgame KRB-KRN} 39. Re1+ Kf6 40. b4 {[%cal Oa2a4] Threatens to win with a4!} Rd7 $2 (40... Nd5+ 41. Bxd5 cxd5) 41. a4 {Strongly threatening axb5.} a6 (41... bxa4 $2 42. Ra1 $18) 42. axb5 axb5 {[#]} 43. Ra1 {Prevents Ra7.} Ke6 44. Ra8 Kf7 $2 (44... Rd5 45. Bxd5+ Nxd5+ 46. Kd2 Kd7) 45. Ra6 {White is clearly winning.} Rc7 46. d5 cxd5 47. Kd4 Kg7 48. Bxd5 Kf8 49. c6 {Weighted Error Value: White=0.06 (flawless) /Black=0.40} 1-0

[Event "Azerbaijan Championship 2022"]
[Site "Nakhchivan"]
[Date "2022.02.05"]
[Round "1.6"]
[White "Muradli, Mahammad"]
[Black "Talibov, Shiroghlan"]
[Result "1-0"]
[WhiteElo "2528"]
[BlackElo "2307"]
[Annotator "TA"]
[PlyCount "57"]
[EventDate "2022.02.05"]
[EventCountry "AZE"]
[SourceTitle "playchess.com"]
[Source "ChessBase"]
[SourceQuality "1"]

{[%evp 24,57,16,10,10,13,51,35,51,53,74,63,74,79,73,66,234,237,240,254,272,256,322,337,541,534,568,565,559,547,681,674,757,743,724,684]} 1. d4 Nf6 2. Nf3 g6 3. c4 Bg7 4. Nc3 O-O 5. e4 d6 6. Be2 e5 7. Be3 exd4 8. Nxd4 Re8 9. f3 c6 10. Bf2 d5 11. exd5 cxd5 12. O-O Nc6 13. c5 a6 {E92: King's Indian: Classical: 6 Be2 e5: 7 dxe5, 7 Be3 and Petrosian System without 7...Nbd7.} 14. Re1 Nh5 15. Qd2 Be6 {White is slightly better.} 16. Rad1 Qc7 17. Bf1 {[#]} Rad8 $146 ({Predecessor:} 17... Be5 18. g3 Ng7 19. Nxe6 fxe6 20. Ne2 Qf7 21. f4 Bc7 22. b4 Nh5 23. Nd4 e5 24. fxe5 Bxe5 {½-½ (58) Socko,M (2443)-Kowalski,I (2320) Warsaw 2019}) 18. a3 Nf6 19. b4 {White is more active.} Nd7 $2 (19... Bd7 $14) 20. Nxe6 $18 fxe6 {[#]} 21. Nxd5 $1 {[%mdl 512]} Qb8 {[#]} (21... exd5 22. Rxe8+) 22. Qa2 $1 Be5 (22... Nde5 23. Nb6) 23. f4 exd5 $2 (23... Bg7 24. Bh4 Nf8 25. Bxd8 Rxd8) 24. Rxd5 {White is clearly winning.} Kf8 25. fxe5 Ndxe5 26. Bg3 Rxd5 27. Qxd5 Qc7 28. b5 axb5 29. Bxb5 {Black did not feel at home in the position after the opening.  Weighted Error Value: White=0.00 (flawless) /Black=0.61} 1-0

[Event "Azerbaijan Championship 2022"]
[Site "Nakhchivan"]
[Date "2022.02.05"]
[Round "1.7"]
[White "Manafov, Vugar"]
[Black "Abbasov, Farid"]
[Result "1/2-1/2"]
[WhiteElo "2299"]
[BlackElo "2527"]
[Annotator "TA"]
[PlyCount "50"]
[EventDate "2022.02.05"]
[EventCountry "AZE"]
[SourceTitle "playchess.com"]
[Source "ChessBase"]
[SourceQuality "1"]

{[%evp 21,31,47,52,60,45,62,59,0,45,0,52,0]} 1. d4 Nf6 2. c4 e6 3. Nf3 c5 4. d5 exd5 5. cxd5 d6 6. Nc3 g6 7. e4 Bg7 8. h3 O-O 9. Bd3 a6 10. a4 Nbd7 11. O-O Nh5 12. Bg5 {A70: Modern Benoni: 6 e4 g6 7 Nf3.} Bf6 13. Bh6 Bg7 14. Bg5 Bf6 15. Bh6 Bg7 $1 16. Bg5 {[#] White got outplayed after the opening.  Weighted Error Value: White=0.26 (precise) /Black=0.01 (flawless)} ({White should try} 16. Bxg7 $14 Kxg7 17. Ne2) {Predecessor:} 16... Qc7 $146 17. Nd2 Re8 18. Re1 Rb8 19. Be2 h6 20. Be3 Nhf6 21. Bf4 Ne5 22. Bh2 g5 23. Bf1 Bd7 24. a5 g4 25. hxg4 Nfxg4 {0-1 (56) Aleksandrov,A (2571)-Ponkratov,P (2651) Riga 2019} 1/2-1/2

[Event "Azerbaijan Championship 2022"]
[Site "Nakhchivan"]
[Date "2022.02.05"]
[Round "1.8"]
[White "Ahmadzada, Ahmad"]
[Black "Hasanzade, Toghrul"]
[Result "1-0"]
[WhiteElo "2467"]
[BlackElo "2292"]
[Annotator "TA"]
[PlyCount "99"]
[EventDate "2022.02.05"]
[EventCountry "AZE"]
[SourceTitle "playchess.com"]
[Source "ChessBase"]
[SourceQuality "1"]

{[%evp 21,99,25,21,21,170,167,209,210,210,215,330,334,333,343,577,566,566,561,571,576,567,318,316,315,378,303,327,332,365,365,548,531,546,531,527,494,573,506,616,613,606,605,791,631,768,809,711,731,705,717,765,697,763,805,815,797,790,753,744,718,1418,1413,1398,1381,1198,1098,2906,2719,2202,1858,1743,1620,2556,2656,12840,12841,29982,12845,12842,12834]} 1. Nf3 Nf6 2. c4 g6 3. Nc3 d5 4. cxd5 Nxd5 5. e4 Nxc3 6. dxc3 Qxd1+ 7. Kxd1 f6 8. Be3 e5 9. Nd2 Be6 10. Bc4 Kf7 11. Kc2 Nd7 12. Rhd1 {[%cal Bh1d1,Bd1d7,Bd7c7][%mdl 32] [#] A16: English Opening: 1...Nf6 with ...d5.} f5 $146 {[#]} (12... Be7 $11) ({Predecessor:} 12... b6 13. b4 Bd6 14. Bxe6+ Kxe6 15. Nc4 Be7 16. a4 Rhd8 17. Rd5 c6 18. Rd2 Nf8 19. Rxd8 Bxd8 {½-½ (32) Margvelashvili,G (2530)-Bai,J (2571) Chess.com INT 2018}) 13. Nf3 $1 $18 {[%cal Bd2f3,Bf3e5,Be5f7][%mdl 32] And now Rxd7+ would win.} Bxc4 (13... Ke7 {is a better defense.}) 14. Rxd7+ {White is clearly better.} Kf6 15. Rxc7 Bb5 (15... fxe4 {was called for.} 16. Nxe5 (16. Rxc4 exf3 17. gxf3 Bd6 $16) 16... Bd5) 16. exf5 (16. Rxb7 Bc6 17. Rf7+ (17. Rxa7 Rxa7 18. Bxa7 Bxe4+ 19. Kd1 Bd6 $16) (17. Bg5+ Ke6 $11) 17... Kxf7 $16) 16... gxf5 17. Bg5+ ({Weaker is} 17. Rxb7 Bc6 18. Rf7+ (18. Rxa7 Rxa7 19. Bxa7 Rg8 $16) 18... Kxf7 $16) 17... Kg6 $2 (17... Ke6 18. Nxe5 (18. Rxb7 Bc6 $11) 18... Bd6) 18. Nxe5+ Kxg5 19. Nf7+ Kf6 {Threatens to win with ...Rg8.} 20. Nxh8 Re8 21. Rd1 {aiming for Rf7+.} Re7 {Inhibits Rf7+.} 22. Rc8 Bh6 23. g3 Bd7 24. Rd8 Be6 25. f4 Bg7 (25... Rc7 $142 26. Re8 Re7) 26. R1d6 Rc7 27. Re8 {[%csl Gd6][%cal Re8e6]} Re7 28. Rc8 b6 29. h3 Rb7 {[#]} 30. Rcc6 $1 {[%csl Gc6][%cal Rd6e6]} Re7 {[#]} 31. Rd8 Rb7 32. Re8 {[%csl Ge8][%cal Rc6e6]} Re7 33. Rxe7 Kxe7 {[%mdl 4096] Endgame KRN-KB} 34. Rc7+ Kf6 {[#]} 35. Rxa7 $1 Bxh8 (35... b5 36. Rb7) 36. Rb7 Bd5 37. Rxb6+ Kf7 38. a4 Bf6 39. b4 Bd8 40. Rb8 Ke7 41. a5 Bc4 42. Rb7+ Kd6 43. Rxh7 Bb5 44. a6 {Strongly threatening a7.} Bc6 45. b5 Be4+ 46. Kb3 Kc5 47. c4 Bb6 48. Rd7 {Intending h4 and mate.} Bf3 49. a7 (49. h4 $142 Bd8 50. Rxd8 Kb6 51. Rb8+ Ka7 52. Rh8 Kb6 53. Kb4 Kc7 54. Rh7+ Kc8 55. c5) 49... Be4 50. h4 {White took control after the opening.  Weighted Error Value: White=0.21 (precise) /Black=0.67} 1-0

[Event "Azerbaijan Championship 2022"]
[Site "Nakhchivan"]
[Date "2022.02.05"]
[Round "1.9"]
[White "Bayramov, Elvin"]
[Black "Babazada, Khazar"]
[Result "0-1"]
[WhiteElo "2280"]
[BlackElo "2427"]
[Annotator "TA"]
[PlyCount "106"]
[EventDate "2022.02.05"]
[EventCountry "AZE"]
[SourceTitle "playchess.com"]
[Source "ChessBase"]
[SourceQuality "1"]

{[%evp 13,106,29,26,-5,-9,-69,-78,-66,-64,-78,-67,-68,-67,-93,-90,-85,-67,-120,-83,-82,-73,-75,-85,-64,-75,-70,-54,-71,-62,-103,-114,-121,-121,-114,-72,-75,-30,-93,-92,-125,-126,-111,-110,-163,-143,-166,-179,-264,-260,-264,-266,-267,-231,-243,-243,-255,-258,-241,-209,-229,-222,-197,-120,-118,-10,-10,-10,-10,-10,-10,-10,-10,-10,-10,-10,-406,-409,-411,-404,-402,-372,-1112,-1063,-29947,-12805,-29973,-29974,-29974,-29970,-29962,-6087,-29987,-29988,-29988,-29987]} 1. e4 c6 2. d4 d5 3. exd5 cxd5 4. Nf3 Nc6 5. c3 Nf6 6. Bd3 Bg4 7. h3 Bh5 8. Qb3 {B13: Caro-Kann: Exchange Variation and Panov-Botvinnik Attack.} Qc8 9. Ne5 {[#]} (9. Nbd2 $11) 9... Nxd4 $146 ({Predecessor:} 9... a6 10. Bf4 e6 11. Nd2 Nxe5 12. Bxe5 Nd7 13. Bf4 Qc6 14. O-O Be7 15. Rfe1 O-O {1-0 (55) Vrchovsky,V (1923)-Valuska,P (1976) Slovakia 2014}) 10. Qa4+ {Black is better.} Nc6 11. Bb5 {[%cal Re5c6]} a6 12. Bxc6+ bxc6 13. Qxc6+ Qxc6 14. Nxc6 e6 15. Bf4 (15. Nd2 $15) 15... Ne4 16. g4 Bg6 17. Ne5 f6 18. Nxg6 hxg6 19. Nd2 Nc5 {Threatens to win with ...Nd3+.} 20. Ke2 {To avoid Nd3} Kf7 21. a4 (21. Be3 $15) 21... a5 $17 22. Be3 Rb8 23. b3 Be7 (23... Nxb3 $2 24. Rab1 $18) (23... g5 $142 24. Rad1 e5 25. Bxc5 Bxc5) 24. Rab1 Rhc8 ({Better is} 24... e5 $17 25. Bxc5 Bxc5) 25. Bxc5 (25. c4 $11) 25... Bxc5 26. Rhc1 {[%cal Ob3b4]} Ba3 {To avoid b4} 27. Rc2 e5 28. Ra1 (28. h4 $17 {keeps fighting.}) 28... Be7 $19 29. Rd1 Ke6 30. c4 (30. Kf1 $142) 30... d4 31. f4 Rh8 ({Not} 31... exf4 32. Nf3 $17) 32. Rh1 e4 33. Nxe4 Rxb3 {Hoping for ...d3+.} 34. Nf2 {Inhibits d3+.} Re3+ 35. Kf1 Bd6 36. Rd2 Bxf4 37. Rxd4 {[#]} g5 (37... Rc8 $1 $19 38. Nd1 (38. Rxf4 $2 Ke5 $19) 38... Be5 39. Nxe3 Bxd4) 38. Nd3 $17 {[%cal Oh3h4]} Bb8 {Black is more active.} (38... Bd6 $17 39. Kf2 Rhxh3 40. Rxh3 Rxh3) 39. Kf2 $11 Rhxh3 {Chess con chili.} 40. Rxh3 Rxh3 {[%mdl 4096] Endgame KRB-KRN} 41. Nc5+ Kf7 {next ...Rc3 is good for Black.} 42. Rd7+ $1 Kg6 {And now ...Rg3 would win.} 43. Ne6 f5 44. c5 $2 {[%mdl 8192] This move loses the game for White.} (44. Nf8+ $11 Kf6 45. Rd5 Ba7+ 46. Kg2 fxg4 47. Nd7+ Ke6 48. Nf8+ Kf7 49. Rd7+ Kxf8 50. Rxa7) 44... fxg4 $19 45. c6 Bf4 46. c7 Rc3 47. Rxg7+ $2 (47. Ke2 g3 48. Rd3 Rc2+ 49. Kf3) 47... Kf6 48. Rg8 g3+ 49. Kf1 Rc1+ ({Don't blunder} 49... Bxc7 $2 50. Nxc7 Rxc7 51. Ra8 $19) 50. Kg2 Rc2+ 51. Kf3 g2 52. Nd4 {[#]} g1=Q $1 {[%csl Gc2][%cal Rg1g2][%mdl 512]} 53. Nxc2 Qf1+ {Weighted Error Value: White=0.76/Black=0.11 (very precise)} 0-1

[Event "Azerbaijan Championship 2022"]
[Site "Nakhchivan"]
[Date "2022.02.05"]
[Round "1.10"]
[White "Ibrahimli, Murad"]
[Black "Babayev, Talib"]
[Result "1-0"]
[WhiteElo "2418"]
[BlackElo "2256"]
[Annotator "TA"]
[PlyCount "85"]
[EventDate "2022.02.05"]
[EventCountry "AZE"]
[SourceTitle "playchess.com"]
[Source "ChessBase"]
[SourceQuality "1"]

{[%evp 14,85,41,12,24,18,23,20,46,13,20,29,41,34,43,17,49,26,33,25,25,34,63,38,65,53,61,60,76,73,141,85,82,70,61,72,81,57,66,67,55,39,49,43,117,76,72,73,81,77,77,62,513,510,514,511,496,492,547,544,605,594,605,598,598,591,591,591,569,574,535,436,523,512]} 1. d4 Nf6 2. c4 g6 3. g3 Bg7 4. Bg2 O-O 5. Nf3 d6 6. O-O Nc6 7. Nc3 a6 8. e3 {8.b3 is setting a new trend.} e5 {is the legacy move (8...Rb8). E63: King's Indian: Fianchetto: Panno Variation with 7...a6.} 9. d5 (9. b3 {looks sharper.} Bg4 10. h3 Bxf3 11. Bxf3 Nd7 12. Ne2) 9... Ne7 10. e4 {[#]} h6 $146 {[%cal Ob7b5] The position is equal.} ({Predecessor:} 10... b5 11. Re1 Rb8 12. c5 Ne8 13. b4 c6 14. Bg5 f6 15. Be3 cxd5 16. Nxd5 Be6 {1-0 (35) Markus,R (2605)-Can,E (2474) Skopje 2013}) 11. c5 Nd7 12. cxd6 cxd6 13. a4 $1 {Prevents b5.} f5 14. Nd2 Nc5 15. b4 Nxe4 16. Ndxe4 fxe4 17. Nxe4 b6 18. b5 {[%cal Oe4d6]} axb5 19. Ba3 {[%cal Bc1a3,Ba3b4,Bb4d6,Bd6c7,Bc7b6][%mdl 32]} Nf5 20. axb5 (20. g4 Nh4 21. Nxd6 (21. Bxd6 $2 Rf4 $19) 21... b4 22. Bxb4 Rf4 23. Nxc8 Rxc8 $19) 20... Ra5 21. Bb4 (21. g4 $6 Nh4 22. Bxd6 Rf4 $15) 21... Rxb5 (21... Rxa1 $142 22. Qxa1 Bb7) 22. Qa4 {White is more active.} (22. Qb1 $142 $1) 22... Bd7 $16 {[%cal Ob5a5]} 23. Qa3 {To avoid Ra5} Nd4 24. Bxd6 Rb3 25. Qa7 Rf7 26. Bc7 Qf8 27. Qb7 {And now Nd6 would win.} ({Much weaker is} 27. Bxb6 $6 Bb5 28. Qa5 Bxf1 29. Rxf1 Kh7 $11) 27... Bc8 $1 28. Qb8 $36 {[%mdl 2048] Hoping for Bd6. Black is under pressure.} Bg4 ({Better is} 28... Bf5 $1 $14) 29. Ra8 ({White should play} 29. Qxf8+ Rxf8 30. d6) 29... Qxb8 (29... Rxc7 $2 {[#]} 30. Nf6+ $1 {[%mdl 512]} Kh8 31. Nxg4 (31. Qxc7 Qxa8 32. Nxg4 Qf8 $18) (31. Qxf8+ Bxf8 32. Nxg4 Kg7 $18) 31... Nf3+ 32. Bxf3 Rxf3 33. Nxe5 $1 {[%mdl 512]} Bxe5 34. Qxf8+ $18) 30. Rxb8+ Kh7 31. Bxb6 Be2 32. Re1 {[%cal Bf1e1,Be1e2,Be2d2,Bd2d4][%mdl 32]} Bf8 $2 {[%mdl 8192] [#] This move loses the game for Black.} (32... Rb4 $14) 33. Rxf8 $1 $18 {[%mdl 512] White is clearly winning.} Rxf8 34. Bxd4 exd4 35. Rxe2 Rb1+ 36. Bf1 Ra8 37. d6 {[%cal Bd5d6,Bd6d7][%mdl 32]} Kg7 38. Rd2 Raa1 {[#]} 39. d7 $1 Rxf1+ 40. Kg2 Rg1+ 41. Kh3 Ra8 42. Nc5 Kf6 43. Rxd4 {Weighted Error Value: White=0.14 (very precise) /Black=0.39} 1-0